| 000 | 00897nam a2200265Ia 4500 | ||
|---|---|---|---|
| 001 | Z_1777 | ||
| 003 | CHAP | ||
| 008 | 220113s1979 xx 000 0 und d | ||
| 010 | _a164868 | ||
| 040 | _cCHAP | ||
| 082 | _a636.085 S67 | ||
| 100 |
_aSosa de Pró, Esther _9108798 |
||
| 245 |
_aManual de procedimientos analíticos para alimentos de consumo animal / _cEsther Sosa de Pró |
||
| 260 |
_aChapingo, Méx. : _bUACH. Departamento de Zootecnia, _c1979 |
||
| 300 | _a115 p. | ||
| 500 | _aFALTAN 4 EJMPLARES (NO HAN SIDO DEVUELTOS) | ||
| 503 | _aej.1: donación\ ej.2: \ ej.3: fotocopias \ ej.4: \ ej.5: donación \ ej.6: \ ej.7: fotocopias \ ej.8: donación \ ej.9: \ ej.10: donación \ ej.11: donación | ||
| 650 |
_aAlimentos y alimentación del ganado _xAnálisis _94327 |
||
| 901 | _a636.085 S67 | ||
| 902 | _aM | ||
| 910 | _a1979 | ||
| 942 | _c1 | ||
| 942 | _cc1 | ||
| 999 |
_c164868 _d164868 |
||